000 00303nam a2200133Ia 4500
008 190723s9999 xx 000 0 und d
020 _a978-1-449-35573-9
100 _aMark Latz
245 0 _aLearning Python
250 _a5th
260 _aTokyo
_bO Reilly
_c2013
300 _a1500:P
942 _cBK
999 _c2058
_d2058